[Event "AUTO-OPEN-2202"]
[Site "http://www.queenalice.com/game.php?id=874552"]
[Date "2010.12.21"]
[Round "1"]
[White "zdzicho"]
[Black "maurice91"]
[Result "1-0"]
[WhiteElo "2338"]
[BlackElo "1747"]

1. d4 d5 2. Bf4 Bf5 3. e3 c6 4. Nf3 Nf6 5. h3 h5 6. Be2 Nbd7 7. Nbd2 e6 8. O-O
Nb6 9. Ne5 Bd6 10. Ndf3 Be4 11. Ng5 Bg6 12. Nxg6 fxg6 13. Bd3 Bxf4 14. Bxg6+ Ke7
15. exf4 Rf8 16. Re1 Qd7 17. Qd3 Ne4 18. Bxe4 dxe4 19. Rxe4 Rf6 20. Rae1 Re8 21.
Nxe6 Rxe6 22. Rxe6+ Qxe6 23. Rxe6+ Kxe6 24. Qg6+ Kd7 25. Qxg7+ Re7 26. Qg5 Nd5
27. f5 b6 28. Qxh5 Nf6 29. Qg6 Nd5 30. c4 Nc7 31. f6 Re1+ 32. Kh2 Ne6 33. Qh7+
1-0

[Event "AUTO-OPEN-2202"]
[Site "http://www.queenalice.com/game.php?id=874579"]
[Date "2010.12.21"]
[Round "1"]
[White "uracile"]
[Black "zdzicho"]
[Result "1/2-1/2"]
[WhiteElo "2306"]
[BlackElo "2340"]

1. Nf3 e6 2. e4 d5 3. exd5 exd5 4. Nc3 Nf6 5. d4 c6 6. Bd3 Bd6 7. O-O O-O 8. Re1
Bg4 9. h3 Bxf3 10. Qxf3 Nbd7 11. Rb1 Qb6 12. Be3 Rfe8 13. a3 Re7 14. Na4 Qc7 15.
Bd2 Rae8 16. Rxe7 Rxe7 17. Nc3 Re8 18. Qf5 Qb6 19. Be3 Nf8 20. b4 Ng6 21. Ne2
Qc7 22. g3 b5 23. Qf3 Nf8 24. Nc3 a5 25. Bg5 N8d7 26. Kg2 axb4 27. axb4 h6 28.
Bc1 Qb6 29. Bf4 Bxf4 30. Qxf4 Nf8 31. Ne2 Ne6 32. Qd2 Ng5 33. Ra1 Nge4 34. Qf4
Qb7 35. g4 Ng5 36. h4 Ne6 37. Qf5 Qe7 38. g5 hxg5 39. hxg5 Ne4 40. g6 fxg6 41.
Qxg6 Rf8 42. Bxe4 dxe4 1/2-1/2

[Event "AUTO-OPEN-2202"]
[Site "http://www.queenalice.com/game.php?id=874580"]
[Date "2010.12.21"]
[Round "1"]
[White "zdzicho"]
[Black "uracile"]
[Result "1/2-1/2"]
[WhiteElo "2328"]
[BlackElo "2308"]

1. d4 Nf6 2. Bf4 c5 3. e3 cxd4 4. exd4 Qb6 5. b3 h6 6. Nf3 g5 7. Be3 Nd5 8. Bc4
Nxe3 9. fxe3 d5 10. Bd3 g4 11. Nh4 Qf6 12. g3 Nc6 13. Nc3 e6 14. a3 h5 15. Rf1
Qg5 16. Qd2 Bh6 17. Nd1 Bd7 18. c3 Rf8 19. Qf2 O-O-O 20. a4 f5 21. Bb5 Na5 22.
b4 Nc6 23. Ng2 Qf6 24. Nb2 Bg5 25. Nd3 e5 26. Qc2 exd4 27. cxd4 Kb8 28. Bxc6
Bxc6 29. b5 Bd7 30. Ngf4 Qe7 31. Nxd5 Qd6 32. N5f4 Rfe8 33. Kf2 Rc8 34. Qb3 Be6
35. Qa3 Qxa3 36. Rxa3 Rc2+ 37. Kg1 Bg8 38. Rf2 Rec8 39. Nc5 Rxf2 40. Kxf2 b6 41.
Na6+ Kb7 42. Ke2 Rc1 43. Kd2 Rh1 44. Rc3 Rxh2+ 45. Kd3 Bd8 46. d5 Rh1 47. Rc2
Ra1 48. Rc6 1/2-1/2

[Event "AUTO-OPEN-2202"]
[Site "http://www.queenalice.com/game.php?id=874599"]
[Date "2010.12.21"]
[Round "1"]
[White "zdzicho"]
[Black "ivdsantacruz"]
[Result "1-0"]
[WhiteElo "2339"]
[BlackElo "1871"]

1. d4 Nf6 2. Bf4 d6 3. e3 h6 4. Nf3 g5 5. Bg3 a6 6. h3 Ne4 7. Bh2 Bf5 8. Be2 h5
9. Nfd2 e6 10. Bxh5 Bg7 11. Be2 Nc6 12. Nxe4 Bxe4 13. O-O f5 14. f3 g4 15. fxe4
gxh3 16. exf5 hxg2 17. Bh5+ Kd7 18. fxe6+ Kxe6 19. Qg4+ Kd5 20. Bf7# 1-0

[Event "AUTO-OPEN-2202"]
[Site "http://www.queenalice.com/game.php?id=874600"]
[Date "2010.12.21"]
[Round "1"]
[White "ivdsantacruz"]
[Black "zdzicho"]
[Result "0-1"]
[WhiteElo "1873"]
[BlackElo "2339"]

1. e4 e6 2. Nf3 d5 3. exd5 exd5 4. Bd3 Nf6 5. b3 Bd6 6. h3 O-O 7. O-O c5 8. c4
d4 9. Qc2 h6 10. b4 b6 11. a3 Bb7 12. bxc5 bxc5 13. a4 Nc6 14. Ba3 Re8 15. g4
Qc7 16. Qd1 Ne5 17. Nxe5 Bxe5 18. Bb2 Bh2# 0-1

[Event "Challenge"]
[Site "http://www.queenalice.com/game.php?id=895701"]
[Date "2011.2.4"]
[Round "-"]
[White "augustoluizheck"]
[Black "zdzicho"]
[Result "0-1"]
[WhiteElo "1479"]
[BlackElo "2338"]

1. e4 e6 2. f4 d5 3. e5 c5 4. Nf3 Nc6 5. c3 Nge7 6. d4 Nf5 7. Bb5 Bd7 8. O-O
Nxe5 9. Bxd7+ Nxd7 10. g4 Nd6 11. Ne5 h5 12. g5 Nxe5 13. dxe5 Nf5 14. Qa4+ Qd7
15. Qxd7+ Kxd7 16. Nd2 Be7 17. Nf3 c4 18. Nd4 Bc5 19. Rd1 b5 20. b3 a5 21. Bb2
Nh4 22. Rf1 Nf5 23. Rae1 b4 24. bxc4 bxc3 25. Bxc3 Nxd4 26. Bxd4 Bxd4+ 27. Kg2
Bc3 28. Re3 d4 29. Rd3 Rab8 0-1

[Event "Challenge"]
[Site "http://www.queenalice.com/game.php?id=896433"]
[Date "2011.2.5"]
[Round "-"]
[White "PhilBFrance"]
[Black "zdzicho"]
[Result "1/2-1/2"]
[WhiteElo "2297"]
[BlackElo "2339"]

1. c4 Nf6 2. Nc3 e5 3. g3 g6 4. Nf3 Nc6 5. Bg2 Bg7 6. d4 exd4 7. Nxd4 O-O 8. O-O
Re8 9. Nxc6 bxc6 10. Bf3 Bb7 11. Qb3 Qc8 12. Be3 d6 13. Rfd1 a5 14. Rab1 Nd7 15.
Bd4 Rb8 16. Qa4 Bxd4 17. Rxd4 c5 18. Bxb7 Qxb7 19. Rf4 Nf8 20. Qxa5 Ne6 21. Re4
Nd4 22. Rxe8+ Rxe8 23. Nd5 Nxe2+ 24. Kg2 Kg7 25. Qxc7 Qa6 26. Qd7 Qxc4 27. Nc7
Re5 28. Ne8+ Rxe8 29. Qxe8 Qd5+ 30. f3 Qd2 31. Kh3 Nc1 32. Rxc1 1/2-1/2

[Event "Challenge N° 2"]
[Site "http://www.queenalice.com/game.php?id=902757"]
[Date "2011.2.19"]
[Round "-"]
[White "zdzicho"]
[Black "PhilBFrance"]
[Result "0-1"]
[WhiteElo "2340"]
[BlackElo "2343"]

1. d4 d5 2. Bf4 g6 3. e3 Nf6 4. h3 Bg7 5. Nf3 O-O 6. Be2 c5 7. c3 Qb6 8. Qb3 c4
9. Qxb6 axb6 10. O-O Nc6 11. Nbd2 Be6 12. Ne5 Ra5 13. a3 Rd8 14. Ng4 Ne4 15.
Nxe4 dxe4 16. f3 g5 17. Bh2 f5 18. Nf2 exf3 19. Bxf3 Bf7 20. Bc7 Re8 21. Bxb6
Rb5 22. Bxc6 bxc6 23. Bc5 e5 24. Nd1 Be6 25. a4 Ra5 26. Bb6 Ra6 27. a5 h5 28.
Nf2 h4 29. dxe5 Bxe5 30. e4 f4 31. Ng4 Bxg4 32. hxg4 Rb8 33. Rad1 Kf7 34. Rf2
Ke6 35. Rfd2 Re8 36. Rd8 Rxd8 37. Rxd8 Bf6 38. Rc8 Kd6 39. Kf2 Kd7 40. Rg8 Ke6
41. Kf3 Ke7 42. e5 Kf7 43. Rc8 Bxe5 44. Rxc6 Ra8 45. Rxc4 Bd6 46. b4 Ke6 47. b5
Kd5 48. Rd4+ Ke6 49. c4 h3 50. Rd5 h2 51. Rd1 Rc8 52. Rh1 Rxc4 53. Rxh2 Kd5 54.
Rh8 Rc3+ 55. Ke2 Rc2+ 56. Kd1 Ra2 57. a6 Ra1+ 58. Kc2 Bc5 59. Bxc5 Kxc5 60. Kb2
Ra4 61. Rb8 f3 62. Rb7 fxg2 63. a7 g1=Q 0-1

[Event "Challenge"]
[Site "http://www.queenalice.com/game.php?id=911707"]
[Date "2011.3.12"]
[Round "-"]
[White "Eliasz"]
[Black "zdzicho"]
[Result "1/2-1/2"]
[WhiteElo "2353"]
[BlackElo "2329"]

1. d4 Nf6 2. c4 c5 3. d5 e6 4. Nf3 exd5 5. cxd5 d6 6. Nc3 g6 7. Bf4 a6 8. e4 b5
9. Qe2 Be7 10. Qc2 O-O 11. a4 b4 12. Nd1 Re8 13. Bd3 Nh5 14. Bh6 Bg4 15. Nd2
Bxd1 16. Rxd1 Bg5 17. Bxg5 Qxg5 18. O-O Nd7 19. g3 Nf4 20. Nc4 Nxd3 21. Rxd3 Qf6
22. Rd2 b3 23. Qd3 Ne5 24. Nxe5 Qxe5 25. Re1 f5 26. f3 f4 27. Kg2 Reb8 28. Rc1
a5 29. Qc3 Qxc3 30. Rxc3 fxg3 31. e5 dxe5 32. Kxg3 Kf7 33. Rdd3 Rb4 34. Rxc5 Ra7
35. d6 Ke6 36. Rc7 Rxc7 37. dxc7 Rc4 38. Rxb3 Rxc7 39. Rb5 Rc2 40. Rxa5 Rxb2 41.
Ra8 Kd5 42. a5 Rb7 43. a6 Rd7 44. h4 Kc6 45. Re8 Kd6 46. Rf8 Ra7 47. Rf6+ Kc5
48. Kg4 Kd4 49. Kg5 Ke3 50. Kh6 Kd4 51. Rb6 Ke3 52. Rf6 Kd4 53. Re6 Kd5 54. Rb6
Kc5 55. Rb1 Rxa6 56. Kxh7 Rf6 57. Rg1 Kd4 58. Kg7 Rxf3 59. Kxg6 e4 60. h5 e3 61.
h6 e2 62. h7 Rh3 63. Kg7 Kd3 64. h8=Q Rxh8 65. Kxh8 Kd2 66. Kg7 e1=Q 67. Rxe1
Kxe1 68. Kf6 Ke2 69. Ke5 Ke3 1/2-1/2

[Event "Challenge"]
[Site "http://www.queenalice.com/game.php?id=932485"]
[Date "2011.5.1"]
[Round "-"]
[White "Xmen"]
[Black "zdzicho"]
[Result "0-1"]
[WhiteElo "2158"]
[BlackElo "2330"]

1. e4 e6 2. Nf3 d5 3. e5 c5 4. c3 Nc6 5. d4 cxd4 6. cxd4 Nge7 7. Nc3 Nf5 8. Bb5
Qb6 9. g4 Ne7 10. O-O Bd7 11. Be3 h5 12. gxh5 Nf5 13. Re1 Nxe3 14. Rxe3 Rxh5 15.
a3 Rh6 16. Qd2 Be7 17. Bxc6 Bxc6 18. Re2 Rc8 19. Qf4 Kf8 20. Kh1 Rg6 21. h4 Kg8
22. Ng5 Be8 23. Rc2 Rc4 24. Rd1 Rh6 25. Kg1 f6 26. exf6 gxf6 27. Qb8 Kf8 28. Nf3
e5 29. dxe5 Qe6 30. Kf1 Qf5 31. exf6 Rxf6 32. Ne5 Rxh4 33. Rd3 Bd6 34. Qd8 Qxe5
35. Rg3 Rh1+ 36. Kg2 Rfh6 37. Qg5 Rg1+ 38. Kf3 Bh5+ 39. Qxh5 Rf6+ 40. Kg4 Rf4+
41. Kh3 Qxh5# 0-1

[Event "Challenge"]
[Site "http://www.queenalice.com/game.php?id=948274"]
[Date "2011.6.10"]
[Round "-"]
[White "copadeplata"]
[Black "zdzicho"]
[Result "1/2-1/2"]
[WhiteElo "2284"]
[BlackElo "2337"]

1. e4 e6 2. d4 d5 3. Nc3 Bb4 4. e5 c5 5. a3 Bxc3+ 6. bxc3 Qc7 7. Qg4 Ne7 8. Bd3
cxd4 9. Ne2 dxc3 10. Qxg7 Rg8 11. Qxh7 Qxe5 12. Bf4 Qf6 13. h4 Rxg2 14. Kf1 Rg8
15. Bg5 Qg7 16. Qxg7 Rxg7 17. Nxc3 a6 18. f4 b5 19. h5 f5 20. Ne2 Nd7 21. h6 Rh7
22. Nd4 Nc5 23. Ke2 Bd7 24. Rag1 Kf7 25. Nf3 Ng6 26. Rh2 Ne4 27. Ke3 Rc8 28. Kd4
Rg8 29. Ne5+ Nxe5 30. Kxe5 Bc8 31. Rhg2 Ke8 32. Be2 Kd7 33. a4 bxa4 34. c4 Bb7
35. cxd5 Bxd5 36. Bf3 Nxg5 1/2-1/2

[Event "Challenge"]
[Site "http://www.queenalice.com/game.php?id=948275"]
[Date "2011.6.10"]
[Round "-"]
[White "zdzicho"]
[Black "caterina"]
[Result "1-0"]
[WhiteElo "2326"]
[BlackElo "2308"]

1. d4 Nf6 2. Bf4 c5 3. e3 cxd4 4. exd4 Qb6 5. Nc3 Nc6 6. Nf3 Qxb2 7. Nb5 Nd5 8.
Rb1 Qxa2 9. Bd2 e6 10. Ra1 Qb2 11. Bc4 Ndb4 12. Rc1 d5 13. Bc3 1-0

[Event "AUTO-OPEN-2202"]
[Site "http://www.queenalice.com/game.php?id=952262"]
[Date "2011.6.21"]
[Round "2"]
[White "zdzicho"]
[Black "Said"]
[Result "1-0"]
[WhiteElo "2348"]
[BlackElo "1982"]

1. d4 e6 2. Bf4 Nf6 3. e3 c5 4. Nf3 d5 5. Be2 Be7 6. O-O O-O 7. Nbd2 a6 8. h3 b5
9. c3 Nbd7 10. Rc1 Bb7 11. a3 Rc8 12. Ne5 Ne4 13. Bf3 Ndf6 14. Re1 h6 15. Bh2
Nh7 16. Qe2 Nhg5 17. Qd1 c4 18. Rf1 Kh7 19. Qc2 f6 20. Bxe4+ dxe4 21. Nef3 Kh8
22. Nxg5 hxg5 23. Nxe4 Qd5 24. f3 f5 25. Ng3 Rf6 26. e4 fxe4 27. fxe4 Qd7 28.
Rxf6 gxf6 29. Qe2 Qe8 30. Rf1 Qg6 31. Qg4 Qf7 32. Qxg5 Rg8 33. Qh4+ Kg7 34. Nh5+
Kf8 35. Nxf6 Rg7 36. Qh8+ 1-0

[Event "AUTO-OPEN-2202"]
[Site "http://www.queenalice.com/game.php?id=952263"]
[Date "2011.6.21"]
[Round "2"]
[White "Said"]
[Black "zdzicho"]
[Result "1/2-1/2"]
[WhiteElo "1980"]
[BlackElo "2349"]

1. d4 Nf6 2. c4 c5 3. d5 e6 4. dxe6 fxe6 5. Bg5 Be7 6. Nc3 O-O 7. e4 Nc6 8. Nf3
d6 9. Be2 a6 10. O-O h6 11. Bh4 b6 12. Qd2 Bb7 13. Rad1 Qc7 14. Bg3 Rad8 15. Bf4
Ne5 16. Qc2 Nfd7 17. Bg3 Bc6 18. Nh4 Bxh4 19. Bxh4 Rde8 20. Qd2 Nf7 21. Bh5 Nde5
22. b3 g6 23. Be2 g5 24. Bg3 Rd8 25. f4 Ng6 26. fxg5 hxg5 27. Bh5 Kg7 28. Qb2 e5
29. Nd5 Bxd5 30. exd5 Qe7 31. Qc2 Nfh8 32. Rf5 Rxf5 33. Qxf5 Rf8 34. Qe6 Re8 35.
Bg4 Qd8 36. Qf5 Rf8 37. Qe6 Re8 1/2-1/2

[Event "AUTO-OPEN-2202"]
[Site "http://www.queenalice.com/game.php?id=952264"]
[Date "2011.6.21"]
[Round "2"]
[White "zdzicho"]
[Black "Orotimaru"]
[Result "1-0"]
[WhiteElo "2335"]
[BlackElo "2381"]

1. d4 Nf6 2. Bf4 e6 3. e3 b6 4. h3 Bb7 5. Nf3 Be7 6. Nbd2 O-O 7. Bd3 c5 8. O-O
d6 9. c3 Nbd7 10. Be2 Qc7 11. Rc1 e5 12. dxe5 dxe5 13. Bh2 Rad8 14. Qc2 Bc6 15.
a3 Qb7 16. b4 Ne4 17. b5 Bd5 18. c4 Nxd2 19. Qxd2 Bxf3 20. Bxf3 1-0

[Event "AUTO-OPEN-2202"]
[Site "http://www.queenalice.com/game.php?id=952265"]
[Date "2011.6.21"]
[Round "2"]
[White "Orotimaru"]
[Black "zdzicho"]
[Result "1-0"]
[WhiteElo "2370"]
[BlackElo "2337"]

1. e4 e6 2. d4 d5 3. Nd2 c5 4. exd5 Qxd5 5. Ngf3 cxd4 6. Bc4 Qd6 7. O-O Nf6 8.
Nb3 Nc6 9. Nbxd4 Nxd4 10. Nxd4 a6 11. Re1 Qc7 12. Qe2 Bd6 13. Bg5 O-O 14. Bxf6
gxf6 15. Bd3 Bxh2+ 16. Kf1 Bd6 17. Bxh7+ 1-0

[Event "Challenge"]
[Site "http://www.queenalice.com/game.php?id=989713"]
[Date "2011.9.25"]
[Round "-"]
[White "Magia1"]
[Black "zdzicho"]
[Result "0-1"]
[WhiteElo "1947"]
[BlackElo "2351"]

1. d4 Nf6 2. e3 e6 3. Na3 a6 4. Qd2 d5 5. Qd3 Bd6 6. Bd2 O-O 7. O-O-O b5 8. Nf3
c5 9. dxc5 Bxc5 10. g3 Qe7 11. Ne5 Ne4 12. Bg2 Nxf2 13. e4 Nxd3+ 14. Nxd3 Bxa3
15. bxa3 Qxa3+ 16. Kb1 a5 17. exd5 Bb7 18. Nc5 Qxc5 19. Ka1 Bxd5 20. Bxd5 exd5
21. c3 d4 22. cxd4 Qxd4+ 23. Kb1 a4 24. h4 Nc6 25. Rhe1 a3 26. Bg5 Qb2# 0-1

[Event "Challenge"]
[Site "http://www.queenalice.com/game.php?id=1004735"]
[Date "2011.11.4"]
[Round "-"]
[White "Chalezuba"]
[Black "zdzicho"]
[Result "1-0"]
[WhiteElo "2323"]
[BlackElo "2352"]

1. e4 e6 2. d4 d5 3. Nd2 c5 4. exd5 exd5 5. Ngf3 Nc6 6. Bb5 Bd6 7. dxc5 Bxc5 8.
O-O Ne7 9. Nb3 Bb6 10. Re1 O-O 11. Be3 Nf5 12. Bxb6 axb6 13. c3 Be6 14. Bd3 Qd7
15. Bxf5 Bxf5 16. Nbd4 Bg6 17. Qb3 Qd8 18. a3 Be4 19. Re2 Na5 20. Qb4 Nc6 21.
Qb5 Ra5 22. Qb3 Rc5 23. Nxc6 Rxc6 24. Nd4 Rh6 25. g3 Qg5 26. Qd1 Qg4 27. Rd2 Qh3
28. f3 Bd3 29. g4 Kh8 30. Qe1 Bc4 31. Qe7 Rg8 32. Rg2 Qh4 33. Re1 1-0

[Event "Challenge"]
[Site "http://www.queenalice.com/game.php?id=1005346"]
[Date "2011.11.5"]
[Round "-"]
[White "zdzicho"]
[Black "Emre_Dost"]
[Result "0-1"]
[WhiteElo "2352"]
[BlackElo "2423"]

1. d4 d5 2. Bf4 Nf6 3. e3 e6 4. h3 Nc6 5. Nf3 Bd6 6. Bxd6 cxd6 7. Nbd2 Qb6 8.
Qc1 O-O 9. Be2 e5 10. c3 Bf5 11. O-O Rfe8 12. Nh4 Bd7 13. Nhf3 Rac8 14. Nb3 a5
15. dxe5 dxe5 16. Rd1 a4 17. Nbd2 h6 18. a3 Bf5 19. Nf1 Na5 20. N1d2 Ne4 21. Rf1
Nb3 22. Nxb3 axb3 23. Qd1 Nxc3 24. bxc3 b2 25. Qxd5 bxa1=Q 26. Rxa1 Rxc3 27.
Nxe5 Qf6 28. f4 Rxe3 29. Bc4 R8xe5 30. fxe5 Rxe5 31. Qd2 b5 32. Bf1 Bxh3 33. Rd1
Be6 34. Qd8+ Qxd8 35. Rxd8+ Kh7 36. Ra8 Bc4 37. Bxc4 bxc4 38. Rc8 Ra5 39. Rxc4
Rxa3 40. Rc7 Kg6 0-1